Giáo trình Kinh tế học vi mô
Gardado en:
| Autor Principal: | |
|---|---|
| Formato: | Libro |
| Idioma: | Undetermined |
| Publicado: |
Cần Thơ
Trường Đại học Cần Thơ
2004
|
| Những chủ đề: | |
| Các nhãn: |
Engadir etiqueta
Sen Etiquetas, Sexa o primeiro en etiquetar este rexistro!
|
| Thư viện lưu trữ: | Trung tâm Học liệu Trường Đại học Cần Thơ |
|---|
| LEADER | 00649nam a2200205Ia 4500 | ||
|---|---|---|---|
| 001 | CTU_63394 | ||
| 008 | 210402s9999 xx 000 0 und d | ||
| 082 | |a 338.5 | ||
| 082 | |b N312 | ||
| 100 | |a Lê, Khương Ninh | ||
| 245 | 0 | |a Giáo trình Kinh tế học vi mô | |
| 245 | 0 | |c Lê Khương Ninh, Nguyễn Tấn Nhân, Phạm Lê Thông | |
| 260 | |a Cần Thơ | ||
| 260 | |b Trường Đại học Cần Thơ | ||
| 260 | |c 2004 | ||
| 526 | |a Kinh tế học,Kinh tế vi mô | ||
| 526 | |b KT660,KT602 | ||
| 650 | |a Microeconomics | ||
| 904 | |i Năm | ||
| 980 | |a Trung tâm Học liệu Trường Đại học Cần Thơ | ||